000 00910nam a2200265Ia 4500
003 OSt
005 20220923211303.0
006 a|||||r|||| 00| 0
007 ta
008 220922b |||||||| |||| 00| 0 hin d
020 _a9788179171653 (hbk)
_c650
024 _a285,137
037 _b28, 02/02/2015, P. K. Books
_cTextual
040 _aARTS
_cARTS
_bhin
041 _2hin
_ahin
082 _aY49(J):3.2, 152Q1
100 _aसहजानंद सरस्वती
245 0 _aकिसान क्या करें?
246 _aKisān kyā karean
260 _aदिल्ली
_b गं्रथ शिल्पी
_c2011
300 _a320पृ.
_ccm.
650 _aभारतीय-लोक साहित्य
942 _hY49(J):3.2, 152Q1
_cTEXL
_2CC
999 _c298150
_d298150